Сборник статей по материалам научно-технической конференции студентов электрофизического факультета

Xehetasun bibliografikoak
Erakunde egilea: Томский политехнический университет
Hizkuntza:errusiera
Argitaratua: Томск, Изд-во ТПУ, 1999
Gaiak:
Formatua: MixedMaterials Liburua
KOHA link:https://koha.lib.tpu.ru/cgi-bin/koha/opac-detail.pl?biblionumber=13119

MARC

LEADER 00000nam0a2200000 4500
001 13119
005 20231030184757.0
035 |a (RuTPU)RU\TPU\book\13200 
035 |a BOOK00000135 
090 |a 13119 
100 |a 20011209d1999 k y0rusy50 ca 
101 0 |a rus 
102 |a RU 
105 |a y z 100yy 
200 1 |a Сборник статей по материалам научно-технической конференции студентов электрофизического факультета  |f Томский политехнический университет 
210 |a Томск  |c Изд-во ТПУ  |d 1999 
215 |a 86 с. 
610 1 |a приборостроение 
610 1 |a точные приборы 
610 1 |a системы 
610 1 |a теория 
610 1 |a практика 
610 1 |a конференции 
610 1 |a ТПУ 
675 |a 681.2(063)  |v 3 
712 0 2 |a Томский политехнический университет  |2 stltpush  |3 (RuTPU)RU\TPU\col\376 
801 0 |a RU  |b 63413507  |c 20011209  |g PSBO 
801 2 |a RU  |b 63413507  |c 20120207  |g PSBO 
942 |c BK